Normal view
MARC view
- Leon-Garcia, Alberto
Entry Personal Name
001 - CONTROL NUMBER
- control field: 24041
003 - CONTROL NUMBER IDENTIFIER
- control field: IN-BhIIT
005 - DATE AND TIME OF LATEST TRANSACTION
- control field: 20240723111841.0
008 - FIXED-LENGTH DATA ELEMENTS
- fixed length control field: 240723|| aca||aabn | a|a d
040 ## - CATALOGING SOURCE
- Original cataloging agency: IN-BhIIT
- Transcribing agency: IN-BhIIT
100 ## - HEADING--PERSONAL NAME
- Personal name: Leon-Garcia, Alberto
670 ## - SOURCE DATA FOUND
- Source citation: Work cat.: (IN-BhIIT)5781: Leon-Garcia, Alberto., Probability and random processes for electrical engineering /, c1997.